[Event "Split Open 2016"]
[Site "Split CRO"]
[Date "2016.08.13"]
[Round "1.1"]
[White "Kozul, Zdenko"]
[Black "Jakša, Cvetko"]
[Result "1-0"]
[WhiteElo "2619"]
[BlackElo "1942"]
[PlyCount "87"]
[EventDate "2016.08.13"]
[EventType "swiss"]
[EventRounds "9"]
[EventCountry "CRO"]
[SourceTitle "Ajedrez en Madrid"]
[Source "lmi"]
[SourceDate "2016.08.13"]
[SourceVersion "1"]
[SourceVersionDate "2018.03.10"]
[SourceQuality "1"]

1. d4 e6 2. c4 b6 3. g3 Bb7 4. Nf3 Bxf3 5. exf3 d5 6. cxd5 Qxd5 7. Nc3 Bb4 8.
Bg2 Qc4 9. Bd2 c6 10. Qe2 Qxe2+ 11. Kxe2 Nf6 12. f4 g6 13. Rhc1 Kd7 14. Ne4 Be7
15. Ng5 Rf8 16. Rc2 h6 17. Nf3 Bd6 18. Rac1 Nd5 19. Ne5+ Bxe5 20. fxe5 h5 21.
Bxd5 exd5 22. Bb4 Re8 23. Bd6 Re6 24. b4 a6 25. f4 f5 26. Kf3 b5 27. Kg2 a5 28.
bxa5 Rxd6 29. exd6 Kxd6 30. Kh3 Rxa5 31. Kh4 Ra4 32. Rd2 Ke7 33. Re1+ Kf7 34.
Rde2 Ra7 35. Kg5 c5 36. dxc5 Na6 37. Re6 Nxc5 38. Rf6+ Kg7 39. Rxg6+ Kf8 40.
Kxf5 Rd7 41. Rc1 Ne4 42. Rcc6 d4 43. Rh6 Nc3 44. Rcf6+ 1-0

[Event "Split Open 2016"]
[Site "Split CRO"]
[Date "2016.08.13"]
[Round "1.2"]
[White "Gerritse, Youri"]
[Black "Brkic, Ante"]
[Result "0-1"]
[WhiteElo "1941"]
[BlackElo "2577"]
[PlyCount "76"]
[EventDate "2016.08.13"]
[EventType "swiss"]
[EventRounds "9"]
[EventCountry "CRO"]
[SourceTitle "Ajedrez en Madrid"]
[Source "lmi"]
[SourceDate "2016.08.13"]
[SourceVersion "1"]
[SourceVersionDate "2018.03.10"]
[SourceQuality "1"]

1. e4 c5 2. c3 Nf6 3. e5 Nd5 4. Bc4 Nb6 5. Bb3 d5 6. exd6 Qxd6 7. d4 cxd4 8.
cxd4 Be6 9. Nf3 Nc6 10. Be3 Bxb3 11. Qxb3 e6 12. Nc3 Be7 13. O-O O-O 14. Rfd1
Rfd8 15. Qb5 Qb4 16. Rac1 Qxb5 17. Nxb5 Nd5 18. Bg5 Bxg5 19. Nxg5 Nf4 20. Kf1
a6 21. Na3 Nxd4 22. Rc7 Nb5 23. Rcd7 Nd5 24. Rxd8+ Rxd8 25. Nc4 Rc8 26. b3 Rc7
27. Ne4 Kf8 28. g3 Ke7 29. Rd3 f5 30. Ng5 h6 31. Nf3 Nd6 32. Nxd6 Kxd6 33. Rd2
Rc1+ 34. Ke2 g5 35. Ne1 Ra1 36. Nd3 Nc3+ 37. Kf3 Rxa2 38. Nb2+ Ke7 0-1

[Event "Split Open 2016"]
[Site "Split CRO"]
[Date "2016.08.13"]
[Round "1.3"]
[White "Šaric, Ante"]
[Black "Bacetic, Marin"]
[Result "1-0"]
[WhiteElo "2562"]
[BlackElo "1940"]
[PlyCount "47"]
[EventDate "2016.08.13"]
[EventType "swiss"]
[EventRounds "9"]
[EventCountry "CRO"]
[SourceTitle "Ajedrez en Madrid"]
[Source "lmi"]
[SourceDate "2016.08.13"]
[SourceVersion "1"]
[SourceVersionDate "2018.03.10"]
[SourceQuality "1"]

1. Nf3 Nf6 2. c4 e6 3. g3 b6 4. Bg2 Bb7 5. O-O Be7 6. d4 d6 7. d5 e5 8. Nc3 O-O
9. Ne1 Nbd7 10. e4 Ne8 11. Nd3 g6 12. f4 f6 13. Be3 Nc5 14. Nf2 Bc8 15. b4 Nb7
16. Nd3 Ng7 17. Qb3 Kh8 18. fxe5 fxe5 19. c5 Rxf1+ 20. Rxf1 Qe8 21. c6 Nd8 22.
Nb5 Nde6 23. dxe6 Qxc6 24. Qd5 1-0

[Event "Split Open 2016"]
[Site "Split CRO"]
[Date "2016.08.13"]
[Round "1.4"]
[White "Porobija, Antonio"]
[Black "Martinovic, Saša"]
[Result "0-1"]
[WhiteElo "1939"]
[BlackElo "2560"]
[PlyCount "60"]
[EventDate "2016.08.13"]
[EventType "swiss"]
[EventRounds "9"]
[EventCountry "CRO"]
[SourceTitle "Ajedrez en Madrid"]
[Source "lmi"]
[SourceDate "2016.08.13"]
[SourceVersion "1"]
[SourceVersionDate "2018.03.10"]
[SourceQuality "1"]

1. e4 c5 2. Nf3 Nc6 3. d4 cxd4 4. Nxd4 Nf6 5. Nc3 d6 6. Be2 e5 7. Nb3 Be7 8.
Be3 Be6 9. O-O O-O 10. f3 a5 11. Bb5 Na7 12. Be2 Nc8 13. Bb5 Nb6 14. Kh1 a4 15.
Nd2 d5 16. exd5 Nbxd5 17. Nxd5 Nxd5 18. Qe1 Nxe3 19. Qxe3 Bg5 20. f4 Bxf4 21.
Rxf4 exf4 22. Qxf4 Qb6 23. Bd3 Qxb2 24. Rf1 Rfd8 25. Nf3 Qf6 26. Qe4 g6 27. Nd2
Qg5 28. Qe2 Bd5 29. Qf2 Qe7 30. h4 Re8 0-1

[Event "Split Open 2016"]
[Site "Split CRO"]
[Date "2016.08.13"]
[Round "1.5"]
[White "Cvitan, Ognjen"]
[Black "Lafortune, Emerick"]
[Result "1-0"]
[WhiteElo "2506"]
[BlackElo "1938"]
[PlyCount "51"]
[EventDate "2016.08.13"]
[EventType "swiss"]
[EventRounds "9"]
[EventCountry "CRO"]
[SourceTitle "Ajedrez en Madrid"]
[Source "lmi"]
[SourceDate "2016.08.13"]
[SourceVersion "1"]
[SourceVersionDate "2018.03.10"]
[SourceQuality "1"]

1. d4 Nf6 2. c4 e6 3. Nc3 Bb4 4. e3 d5 5. a3 Bxc3+ 6. bxc3 c5 7. cxd5 exd5 8.
Bd3 O-O 9. Ne2 b6 10. O-O Ba6 11. f3 Re8 12. Ng3 Bxd3 13. Qxd3 Nc6 14. Bb2 h5
15. Rae1 g6 16. Nh1 Qd6 17. Nf2 Rad8 18. e4 dxe4 19. fxe4 Ng4 20. Nxg4 hxg4 21.
Rd1 Qe6 22. d5 Qe7 23. c4 Ne5 24. Qg3 Nxc4 25. Bf6 Qxe4 26. Qh4 1-0

[Event "Split Open 2016"]
[Site "Split CRO"]
[Date "2016.08.13"]
[Round "1.6"]
[White "Cotic, Borna"]
[Black "Jaracz, Pawel"]
[Result "0-1"]
[WhiteElo "1932"]
[BlackElo "2477"]
[PlyCount "68"]
[EventDate "2016.08.13"]
[EventType "swiss"]
[EventRounds "9"]
[EventCountry "CRO"]
[SourceTitle "Ajedrez en Madrid"]
[Source "lmi"]
[SourceDate "2016.08.13"]
[SourceVersion "1"]
[SourceVersionDate "2018.03.10"]
[SourceQuality "1"]

1. e4 c5 2. Nf3 e6 3. c4 Nc6 4. Be2 Nf6 5. Nc3 Qc7 6. d4 cxd4 7. Nxd4 a6 8. O-O
Bb4 9. Nxc6 dxc6 10. Qc2 e5 11. f3 Bc5+ 12. Kh1 Bd4 13. Nd1 O-O 14. Be3 Rd8 15.
Bxd4 Rxd4 16. Nf2 Be6 17. Rad1 Rad8 18. Rxd4 Rxd4 19. Rd1 Qa5 20. b3 Nd7 21.
Nd3 c5 22. a4 f6 23. h3 Nb8 24. Rc1 Nc6 25. Qc3 Qb6 26. Rb1 Rxc4 27. bxc4 Qxb1+
28. Kh2 Nd4 29. Nc1 Qb4 30. Qxb4 cxb4 31. Bd3 b3 32. Ne2 Nxe2 33. Bxe2 Kf8 34.
Bd3 b2 0-1

[Event "Split Open 2016"]
[Site "Split CRO"]
[Date "2016.08.13"]
[Round "1.7"]
[White "Srbiš, Jurica"]
[Black "Paradzik, Berislav"]
[Result "1-0"]
[WhiteElo "2426"]
[BlackElo "1922"]
[PlyCount "69"]
[EventDate "2016.08.13"]
[EventType "swiss"]
[EventRounds "9"]
[EventCountry "CRO"]
[SourceTitle "Ajedrez en Madrid"]
[Source "lmi"]
[SourceDate "2016.08.13"]
[SourceVersion "1"]
[SourceVersionDate "2018.03.10"]
[SourceQuality "1"]

1. e4 c5 2. Nf3 d6 3. d4 cxd4 4. Nxd4 Nf6 5. Nc3 a6 6. g3 g6 7. Bg2 Bg7 8. O-O
O-O 9. a4 e5 10. Nb3 b6 11. Qd3 Qc7 12. Rd1 Rd8 13. a5 bxa5 14. Bg5 Be6 15.
Nxa5 Nc6 16. Nxc6 Qxc6 17. h3 h6 18. Be3 Bf8 19. Ra5 Rdb8 20. Nd5 Bxd5 21. exd5
Qc7 22. Ra2 Rb4 23. b3 e4 24. Qe2 Qb7 25. Bd4 Bg7 26. Bc3 Rb5 27. Ra4 Rxd5 28.
Bxf6 Rxd1+ 29. Qxd1 Bxf6 30. Bxe4 d5 31. Qxd5 Qxd5 32. Bxd5 Ra7 33. b4 Rc7 34.
Rxa6 Rxc2 35. Rxf6 1-0

[Event "Split Open 2016"]
[Site "Split CRO"]
[Date "2016.08.13"]
[Round "1.8"]
[White "Horvat, Damjan"]
[Black "Šale, Srdan"]
[Result "0-1"]
[WhiteElo "1920"]
[BlackElo "2420"]
[PlyCount "60"]
[EventDate "2016.08.13"]
[EventType "swiss"]
[EventRounds "9"]
[EventCountry "CRO"]
[SourceTitle "Ajedrez en Madrid"]
[Source "lmi"]
[SourceDate "2016.08.13"]
[SourceVersion "1"]
[SourceVersionDate "2018.03.10"]
[SourceQuality "1"]

1. d4 g6 2. Nf3 Bg7 3. Bf4 d6 4. e3 Nd7 5. h3 e5 6. Bh2 Ne7 7. Be2 O-O 8. O-O
b6 9. Nbd2 Bb7 10. a4 e4 11. Ne1 a5 12. c3 f5 13. Nc2 Kh8 14. Na3 g5 15. f3 Nd5
16. Nac4 exf3 17. Bxf3 Qe7 18. e4 fxe4 19. Nxe4 Rxf3 20. gxf3 Nf4 21. Bxf4 gxf4
22. Ncd2 Rg8 23. Kh1 Qh4 24. Qe2 d5 25. Nf2 Nf6 26. Qe7 Bc8 27. Ng4 Bxg4 28.
fxg4 Qxh3+ 29. Kg1 Nxg4 30. Qe2 Bxd4+ 0-1

[Event "Split Open 2016"]
[Site "Split CRO"]
[Date "2016.08.13"]
[Round "1.9"]
[White "Plenca, Julijan"]
[Black "Blazeka, Mihaela"]
[Result "1-0"]
[WhiteElo "2410"]
[BlackElo "1917"]
[PlyCount "45"]
[EventDate "2016.08.13"]
[EventType "swiss"]
[EventRounds "9"]
[EventCountry "CRO"]
[SourceTitle "Ajedrez en Madrid"]
[Source "lmi"]
[SourceDate "2016.08.13"]
[SourceVersion "1"]
[SourceVersionDate "2018.03.10"]
[SourceQuality "1"]

1. Nf3 Nf6 2. d4 e6 3. g3 b6 4. Bg2 Bb7 5. O-O d6 6. c4 Nbd7 7. Nc3 e5 8. Qa4
c6 9. Qc2 Qe7 10. e3 g6 11. a4 Bg7 12. b3 O-O 13. a5 Rfe8 14. a6 Bc8 15. Ba3
Ng4 16. h3 Nh6 17. dxe5 Bxe5 18. Nxe5 Nxe5 19. Rad1 Rd8 20. f4 Nd7 21. Qe4 Qf6
22. Qxc6 Bxa6 23. Ne4 1-0

[Event "Split Open 2016"]
[Site "Split CRO"]
[Date "2016.08.13"]
[Round "1.10"]
[White "Lundback, Karl"]
[Black "Plenkovic, Zdenko"]
[Result "0-1"]
[WhiteElo "1914"]
[BlackElo "2409"]
[PlyCount "39"]
[EventDate "2016.08.13"]
[EventType "swiss"]
[EventRounds "9"]
[EventCountry "CRO"]
[SourceTitle "Ajedrez en Madrid"]
[Source "lmi"]
[SourceDate "2016.08.13"]
[SourceVersion "1"]
[SourceVersionDate "2018.03.10"]
[SourceQuality "1"]

1. e4 d5 2. exd5 Qxd5 3. Nc3 Qd6 4. d4 Nf6 5. Nf3 g6 6. Be2 Bg7 7. O-O O-O 8.
Re1 a6 9. h3 b5 10. Be3 Bb7 11. a3 Nbd7 12. Qd2 Rfd8 13. Rad1 c5 14. dxc5 Qc7
15. Bh6 Ne5 16. Qe3 Nxf3+ 17. Bxf3 Bxh6 18. Rxd8+ Rxd8 19. Qxe7 Qxe7 20. Rxe7
0-1

[Event "Split Open 2016"]
[Site "Split CRO"]
[Date "2016.08.13"]
[Round "1.12"]
[White "Šaric, Branko"]
[Black "Bontempi, Piero"]
[Result "0-1"]
[WhiteElo "1892"]
[BlackElo "2376"]
[PlyCount "70"]
[EventDate "2016.08.13"]
[EventType "swiss"]
[EventRounds "9"]
[EventCountry "CRO"]
[SourceTitle "Ajedrez en Madrid"]
[Source "lmi"]
[SourceDate "2016.08.13"]
[SourceVersion "1"]
[SourceVersionDate "2018.03.10"]
[SourceQuality "1"]

1. d4 d5 2. Nf3 Bf5 3. Bf4 e6 4. e3 c5 5. Bb5+ Nc6 6. Ne5 Qb6 7. Bxc6+ bxc6 8.
b3 cxd4 9. exd4 c5 10. dxc5 Bxc5 11. O-O Nf6 12. Nc3 Qb7 13. Na4 Be7 14. c4 Rc8
15. Rc1 Ba3 16. Rc3 h6 17. f3 O-O 18. c5 Qb5 19. c6 Bd6 20. Qd4 Qb4 21. Qxb4
Bxb4 22. Rcc1 Ba3 23. Rc3 d4 24. Rc4 Nd5 25. Bd2 f6 26. g4 Bh7 27. Nd7 Rf7 28.
Bc1 Bd6 29. Rd1 e5 30. a3 Ne7 31. c7 Nd5 32. Ndc5 Rfxc7 33. b4 Nb6 34. Nb2 Nxc4
35. Nxc4 Be7 0-1

[Event "Split Open 2016"]
[Site "Split CRO"]
[Date "2016.08.13"]
[Round "1.13"]
[White "Drnovšek, Gal"]
[Black "Sadzikowski, Marian"]
[Result "1-0"]
[WhiteElo "2367"]
[BlackElo "1890"]
[PlyCount "63"]
[EventDate "2016.08.13"]
[EventType "swiss"]
[EventRounds "9"]
[EventCountry "CRO"]
[SourceTitle "Ajedrez en Madrid"]
[Source "lmi"]
[SourceDate "2016.08.13"]
[SourceVersion "1"]
[SourceVersionDate "2018.03.10"]
[SourceQuality "1"]

1. d4 b6 2. e4 Bb7 3. Bd3 e6 4. Nf3 Nf6 5. e5 Nd5 6. a3 Ne7 7. c4 d5 8. exd6
cxd6 9. O-O Nd7 10. Nc3 Nf6 11. Re1 h6 12. Bf4 Nh5 13. Bd2 g5 14. d5 g4 15. Nd4
e5 16. Qxg4 exd4 17. Ne4 Bg7 18. Qxh5 Kf8 19. Nxd6 Qxd6 20. Bb4 Qf6 21. Bxe7+
Qxe7 22. Rxe7 Kxe7 23. d6+ Kf8 24. Re1 Bf6 25. c5 Re8 26. Rxe8+ Kxe8 27. Bb5+
Kf8 28. c6 Ba8 29. Bc4 Rh7 30. Qf5 Kg7 31. Bxf7 Kxf7 32. Qxh7+ 1-0

[Event "Split Open 2016"]
[Site "Split CRO"]
[Date "2016.08.13"]
[Round "1.15"]
[White "Ostovic, Matija"]
[Black "Mujacic, Haris"]
[Result "1-0"]
[WhiteElo "2352"]
[BlackElo "1884"]
[PlyCount "37"]
[EventDate "2016.08.13"]
[EventType "swiss"]
[EventRounds "9"]
[EventCountry "CRO"]
[SourceTitle "Ajedrez en Madrid"]
[Source "lmi"]
[SourceDate "2016.08.13"]
[SourceVersion "1"]
[SourceVersionDate "2018.03.10"]
[SourceQuality "1"]

1. d4 Nf6 2. c4 e6 3. Nf3 Bb4+ 4. Nbd2 b6 5. g3 Bb7 6. Bg2 O-O 7. O-O d5 8. Ne5
Nbd7 9. Nd3 Bd6 10. b4 c5 11. bxc5 bxc5 12. Ba3 Qe7 13. Nb3 cxd4 14. c5 Bc7 15.
Nxd4 Ne5 16. Qb3 Nc6 17. Nf5 Qd7 18. Qxb7 a5 19. Qxc6 1-0

[Event "Split Open 2016"]
[Site "Split CRO"]
[Date "2016.08.13"]
[Round "1.19"]
[White "Armanda, Ivica"]
[Black "Blazeka, Ðuro"]
[Result "1-0"]
[WhiteElo "2335"]
[BlackElo "1866"]
[PlyCount "53"]
[EventDate "2016.08.13"]
[EventType "swiss"]
[EventRounds "9"]
[EventCountry "CRO"]
[SourceTitle "Ajedrez en Madrid"]
[Source "lmi"]
[SourceDate "2016.08.13"]
[SourceVersion "1"]
[SourceVersionDate "2018.03.10"]
[SourceQuality "1"]

1. e4 e5 2. Nf3 Nc6 3. Bc4 Bc5 4. b4 Bb6 5. a4 a5 6. b5 Nd4 7. Nxd4 Bxd4 8. c3
Bb6 9. d4 Qf6 10. O-O Ne7 11. dxe5 Qxe5 12. Nd2 O-O 13. Qb3 Ng6 14. Nf3 Qh5 15.
Be3 Bxe3 16. fxe3 d6 17. h3 Bd7 18. Rad1 Rae8 19. b6 cxb6 20. Rd5 Qh6 21. Rxd6
Qxe3+ 22. Kh1 Bc6 23. Bxf7+ Rxf7 24. Ng5 Qxg5 25. Qxf7+ Kh8 26. Rxc6 Rd8 27.
Re6 1-0

[Event "Split Open 2016"]
[Site "Split CRO"]
[Date "2016.08.13"]
[Round "1.20"]
[White "Mrvicin, Marin"]
[Black "Stocko, Josip"]
[Result "0-1"]
[WhiteElo "1866"]
[BlackElo "2326"]
[PlyCount "72"]
[EventDate "2016.08.13"]
[EventType "swiss"]
[EventRounds "9"]
[EventCountry "CRO"]
[SourceTitle "Ajedrez en Madrid"]
[Source "lmi"]
[SourceDate "2016.08.13"]
[SourceVersion "1"]
[SourceVersionDate "2018.03.10"]
[SourceQuality "1"]

1. e4 c5 2. Nf3 d6 3. d4 cxd4 4. Nxd4 Nf6 5. Nc3 a6 6. Bg5 Nbd7 7. f4 Qa5 8.
Qe2 h6 9. Bh4 e6 10. g4 Be7 11. Bg2 g5 12. fxg5 Nh7 13. O-O-O Ne5 14. Nf3 hxg5
15. Bg3 Nf8 16. h4 gxh4 17. Bxh4 Nxf3 18. Bxe7 Rxh1 19. Rxh1 Nd4 20. Qf2 Kxe7
21. Qxd4 Qe5 22. Qd2 Ng6 23. Ne2 Bd7 24. c3 Rh8 25. Rxh8 Qxh8 26. Qg5+ Qf6 27.
Qe3 Qh4 28. Qg3 Qg5+ 29. Kc2 Ne5 30. Bf3 Qe3 31. Nd4 Ba4+ 32. b3 Qd3+ 33. Kb2
Qd2+ 34. Ka3 Qxc3 35. Qh4+ Kd7 36. Be2 Qa5 0-1

[Event "Split Open 2016"]
[Site "Split CRO"]
[Date "2016.08.13"]
[Round "1.42"]
[White "Krnic, Ivan"]
[Black "Alessandro P., Franco"]
[Result "1-0"]
[WhiteElo "2151"]
[BlackElo "1801"]
[PlyCount "49"]
[EventDate "2016.08.13"]
[EventType "swiss"]
[EventRounds "9"]
[EventCountry "CRO"]
[SourceTitle "Ajedrez en Madrid"]
[Source "lmi"]
[SourceDate "2016.08.13"]
[SourceVersion "1"]
[SourceVersionDate "2018.03.10"]
[SourceQuality "1"]

1. e4 d5 2. Nc3 Nf6 3. e5 Ne4 4. Nce2 Bf5 5. d3 Nc5 6. Ng3 Bg6 7. h4 h6 8. h5
Bh7 9. d4 Ne6 10. Bd3 Bxd3 11. Qxd3 c5 12. dxc5 Nc6 13. Nf3 Nxc5 14. Qe2 e6 15.
O-O Be7 16. c3 Nd7 17. Bf4 O-O 18. Rfe1 Qa5 19. Nh2 Rfd8 20. Ng4 d4 21. c4 d3
22. Qe3 Nb4 23. Ne4 Nc2 24. Qg3 Kh7 25. Qxd3 1-0

[Event "Split Open 2016"]
[Site "Split CRO"]
[Date "2016.08.14"]
[Round "2.1"]
[White "Soric, Romeo"]
[Black "Kozul, Zdenko"]
[Result "0-1"]
[WhiteElo "2122"]
[BlackElo "2619"]
[PlyCount "84"]
[EventDate "2016.08.13"]
[EventType "swiss"]
[EventRounds "9"]
[EventCountry "CRO"]
[SourceTitle "Ajedrez en Madrid"]
[Source "lmi"]
[SourceDate "2016.08.13"]
[SourceVersion "1"]
[SourceVersionDate "2018.03.10"]
[SourceQuality "1"]

1. c4 e5 2. g3 Nf6 3. Bg2 d5 4. cxd5 Nxd5 5. Nf3 Nc6 6. O-O Nb6 7. d3 Be7 8.
Nbd2 O-O 9. a3 a5 10. b3 Be6 11. Bb2 f6 12. Qc2 Qd7 13. e3 Bf5 14. Ne4 Rad8 15.
Rfd1 Bg4 16. Rd2 Qf5 17. Ne1 Bh3 18. Bh1 Nd5 19. Nf3 Qh5 20. Nc5 Bxc5 21. Qxc5
Qf7 22. Qc2 Rfe8 23. e4 Nf4 24. d4 exd4 25. Nxd4 Nxd4 26. Bxd4 Ne2+ 27. Rxe2
Rxd4 28. Rb1 Qe7 29. Qc3 Qe5 30. Rbe1 Rd7 31. Qxe5 Rxe5 32. f4 Rb5 33. Re3 Be6
34. Rb1 c5 35. Bf3 a4 36. b4 cxb4 37. Rxb4 Rxb4 38. axb4 Bc4 39. h4 b5 40. e5
Rd3 41. Kf2 Rxe3 42. Kxe3 a3 0-1

[Event "Split Open 2016"]
[Site "Split CRO"]
[Date "2016.08.14"]
[Round "2.2"]
[White "Brkic, Ante"]
[Black "Rozman, Monika"]
[Result "1-0"]
[WhiteElo "2577"]
[BlackElo "2112"]
[PlyCount "67"]
[EventDate "2016.08.13"]
[EventType "swiss"]
[EventRounds "9"]
[EventCountry "CRO"]
[SourceTitle "Ajedrez en Madrid"]
[Source "lmi"]
[SourceDate "2016.08.13"]
[SourceVersion "1"]
[SourceVersionDate "2018.03.10"]
[SourceQuality "1"]

1. e4 c5 2. Nf3 d6 3. d4 cxd4 4. Qxd4 a6 5. h3 Nc6 6. Qe3 Nf6 7. c4 e6 8. Be2
Be7 9. O-O O-O 10. Nc3 Qc7 11. Rd1 Nd7 12. b3 Nde5 13. Ne1 b6 14. Ba3 Bb7 15.
Rac1 Na7 16. Nc2 Rae8 17. Nd4 Ng6 18. Bf1 h6 19. Qg3 Bc8 20. Nde2 Rd8 21. Rd2
b5 22. cxb5 Qa5 23. Bxd6 Nxb5 24. Bxe7 Rxd2 25. Bxf8 Nxf8 26. Nxb5 Qxb5 27.
Rxc8 Rd1 28. Qe3 Qd7 29. Rc1 Rd3 30. Qb6 Ng6 31. Qc7 Qb5 32. Nf4 Nxf4 33. Qxf4
e5 34. Rc8+ 1-0

[Event "Split Open 2016"]
[Site "Split CRO"]
[Date "2016.08.14"]
[Round "2.3"]
[White "Farkas, Daniel"]
[Black "Šaric, Ante"]
[Result "0-1"]
[WhiteElo "2110"]
[BlackElo "2562"]
[PlyCount "92"]
[EventDate "2016.08.13"]
[EventType "swiss"]
[EventRounds "9"]
[EventCountry "CRO"]
[SourceTitle "Ajedrez en Madrid"]
[Source "lmi"]
[SourceDate "2016.08.13"]
[SourceVersion "1"]
[SourceVersionDate "2018.03.10"]
[SourceQuality "1"]

1. e4 c5 2. c3 Nf6 3. e5 Nd5 4. d4 cxd4 5. Nf3 Nc6 6. cxd4 d6 7. Bc4 Nb6 8. Bb3
dxe5 9. d5 Na5 10. Nc3 Bg4 11. Be3 Nxb3 12. Qxb3 Bxf3 13. gxf3 g6 14. a4 Rb8
15. a5 Nc8 16. O-O Bg7 17. Ne4 O-O 18. Rfd1 b6 19. Rac1 Qd7 20. Kg2 Nd6 21.
axb6 Nxe4 22. fxe4 Qg4+ 23. Kf1 Qh3+ 24. Kg1 Rxb6 25. Qc2 Rb7 26. Qe2 Bh6 27.
Rc3 Bxe3 28. Rxe3 Rxb2 29. Qxb2 Qg4+ 30. Kf1 Qxd1+ 31. Re1 Qh5 32. Kg2 Qg5+ 33.
Kf1 Qf4 34. Kg2 f5 35. exf5 Rxf5 36. Re3 Qg4+ 37. Rg3 Qe4+ 38. Kg1 Qd4 39. Qa2
Kg7 40. h3 h5 41. Kg2 a5 42. Kg1 a4 43. Qc2 Kh7 44. Qa2 e4 45. Kg2 Qxd5 46.
Qxd5 Rxd5 0-1

[Event "Split Open 2016"]
[Site "Split CRO"]
[Date "2016.08.14"]
[Round "2.4"]
[White "Martinovic, Saša"]
[Black "Sesar, Ivan"]
[Result "1-0"]
[WhiteElo "2560"]
[BlackElo "2093"]
[PlyCount "67"]
[EventDate "2016.08.13"]
[EventType "swiss"]
[EventRounds "9"]
[EventCountry "CRO"]
[SourceTitle "Ajedrez en Madrid"]
[Source "lmi"]
[SourceDate "2016.08.13"]
[SourceVersion "1"]
[SourceVersionDate "2018.03.10"]
[SourceQuality "1"]

1. d4 Nf6 2. Nc3 d5 3. Bf4 c6 4. e3 g6 5. h4 Bg7 6. Be2 h6 7. Nf3 Bg4 8. Ne5
Bxe2 9. Qxe2 Nfd7 10. O-O-O Nxe5 11. Bxe5 Bxe5 12. dxe5 Qc7 13. f4 Na6 14. e4
e6 15. exd5 exd5 16. h5 O-O-O 17. hxg6 fxg6 18. Qg4+ Qd7 19. Qxg6 Rhg8 20. Qxh6
Rxg2 21. e6 Qe7 22. f5 Nb4 23. Rd2 Rxd2 24. Qxd2 d4 25. Ne4 Nxa2+ 26. Kb1 Nb4
27. Qg5 Qxg5 28. Nxg5 Nd5 29. Rh7 Rf8 30. Rf7 Rg8 31. Ne4 Kd8 32. Rd7+ Kc8 33.
Nd6+ Kb8 34. e7 1-0

[Event "Split Open 2016"]
[Site "Split CRO"]
[Date "2016.08.14"]
[Round "2.5"]
[White "Simic, Vladica"]
[Black "Cvitan, Ognjen"]
[Result "0-1"]
[WhiteElo "2093"]
[BlackElo "2506"]
[PlyCount "48"]
[EventDate "2016.08.13"]
[EventType "swiss"]
[EventRounds "9"]
[EventCountry "CRO"]
[SourceTitle "Ajedrez en Madrid"]
[Source "lmi"]
[SourceDate "2016.08.13"]
[SourceVersion "1"]
[SourceVersionDate "2018.03.10"]
[SourceQuality "1"]

1. Nf3 Nf6 2. b3 g6 3. g3 Bg7 4. Bb2 d6 5. Bg2 e5 6. d3 O-O 7. O-O c5 8. Nbd2
Nc6 9. c4 Ne8 10. a3 e4 11. Bxg7 exf3 12. Bxf8 fxg2 13. Kxg2 Kxf8 14. Nf3 Bg4
15. Ng1 Nf6 16. f3 Be6 17. e4 Nd7 18. Ne2 Qf6 19. Qd2 Nd4 20. Nxd4 Qxd4 21.
Rfd1 Ne5 22. Rac1 a5 23. a4 Kg8 24. Qf2 Bh3+ 0-1

[Event "Split Open 2016"]
[Site "Split CRO"]
[Date "2016.08.14"]
[Round "2.7"]
[White "Milosavljevic, Jovan"]
[Black "Srbiš, Jurica"]
[Result "0-1"]
[WhiteElo "2082"]
[BlackElo "2426"]
[PlyCount "84"]
[EventDate "2016.08.13"]
[EventType "swiss"]
[EventRounds "9"]
[EventCountry "CRO"]
[SourceTitle "Ajedrez en Madrid"]
[Source "lmi"]
[SourceDate "2016.08.13"]
[SourceVersion "1"]
[SourceVersionDate "2018.03.10"]
[SourceQuality "1"]

1. d4 Nf6 2. c4 e6 3. Nc3 c5 4. d5 exd5 5. cxd5 d6 6. h3 g6 7. Nf3 Bg7 8. Bf4
O-O 9. e3 a6 10. a4 Re8 11. Nd2 Nbd7 12. Be2 Ne5 13. O-O Nfd7 14. Re1 f5 15.
Bf1 g5 16. Bxe5 Nxe5 17. f4 Ng6 18. g3 Bd7 19. Nc4 gxf4 20. gxf4 Qh4 21. Qf3
Qf6 22. Kh1 Re7 23. Ra3 Rf8 24. Rb3 Qh4 25. Ra1 Bxc3 26. Rxc3 Qf6 27. Nb6 Be8
28. Be2 Kh8 29. Rg1 Rg7 30. Qf2 Rfg8 31. Rg5 h6 32. Rg2 Nh4 33. Rxg7 Rxg7 34.
Nc4 Rg2 35. Qf1 Bxa4 36. e4 fxe4 37. Ne3 Rg7 38. Ng4 Qg6 39. Qf2 Nf5 40. Kh2
Bd7 41. Rb3 h5 42. Ne3 Nd4 0-1

[Event "Split Open 2016"]
[Site "Split CRO"]
[Date "2016.08.14"]
[Round "2.8"]
[White "Šale, Srdan"]
[Black "Janzelj, Lara"]
[Result "1-0"]
[WhiteElo "2420"]
[BlackElo "2081"]
[PlyCount "59"]
[EventDate "2016.08.13"]
[EventType "swiss"]
[EventRounds "9"]
[EventCountry "CRO"]
[SourceTitle "Ajedrez en Madrid"]
[Source "lmi"]
[SourceDate "2016.08.13"]
[SourceVersion "1"]
[SourceVersionDate "2018.03.10"]
[SourceQuality "1"]

1. Nf3 d5 2. g3 Nf6 3. Bg2 Bg4 4. c4 c6 5. Qb3 Qb6 6. Nc3 e6 7. d4 Nbd7 8. O-O
Be7 9. Bf4 O-O 10. c5 Qxb3 11. axb3 b6 12. b4 a5 13. b5 Bxf3 14. Bxf3 bxc5 15.
bxc6 Nb8 16. c7 Nc6 17. Na4 Ra6 18. dxc5 Nd7 19. Rfd1 Nxc5 20. Nxc5 Bxc5 21.
Rac1 Be7 22. e4 Na7 23. Be2 Rc6 24. Rxc6 Nxc6 25. exd5 exd5 26. Bg4 Na7 27.
Rxd5 g6 28. Rxa5 Nc8 29. Bxc8 Rxc8 30. Rb5 1-0